[Event "British Chess Championships 2023: PM Tournament U2050"]
[Site "The Venue, De Montfort University, 20 Western Boulevard, Leicester, LE2 7BU"]
[Date "2023.07.29"]
[Round "6"]
[Board "3"]
[White "Lawrence, Spencer"]
[Black "Clarke, Ian J"]
[Result "1/2-1/2"]
[WhiteElo "1849"]
[BlackElo "1981"]
[PlyCount "91"]
[EventDate "2023.07.24"]
[EventRounds "6"]
[EventCountry "ENG"]

1. c4 f5 2. Nc3 Nf6 3. g3 d6 4. Bg2 e5 5. e3 Be7 6. Nge2 O-O 7. d4 c6 8. dxe5 dxe5
9. Qxd8 Rxd8 10. e4 Na6 11. O-O Nb4 12. a3 Nc2 13. Ra2 Be6 14. b3 Nd4 15. Nxd4 exd4
16. exf5 Bxf5 17. Ne4 Bxe4 18. Bxe4 Nxe4 19. Re2 Nxg3 20. fxg3 Bf6 21. b4 Re8 22.
Rd2 Rad8 23. Rd3 Re2 24. Rfd1 Rde8 25. Bd2 R8e4 26. Rf1 h6 27. Bxh6 Rc2 28. Bd2 Rxc4
29. Kf2 Rc2 30. Rc1 Ra2 31. Kf3 Re8 32. h4 Kf7 33. h5 Rxd2 34. Rxd2 Bg5 35. Rcd1
Bxd2 36. Rxd2 Re3+ 37. Kf4 Rxa3 38. Rxd4 Ke6 39. g4 a5 40. Kg5 axb4 41. Rxb4 Ra7
42. Kg6 b5 43. Re4+ Kd5 44. Rf4 Ke6 45. Re4+ Kd5 46. Rf4  1/2-1/2

[Event "British Chess Championships 2023: PM Tournament U2050"]
[Site "The Venue, De Montfort University, 20 Western Boulevard, Leicester, LE2 7BU"]
[Date "2023.07.29"]
[Round "6"]
[Board "4"]
[White "Acharya, Kandara"]
[Black "Neale, George"]
[Result "1-0"]
[WhiteElo "1783"]
[BlackElo "1918"]
[PlyCount "51"]
[EventDate "2023.07.24"]
[EventRounds "6"]
[EventCountry "ENG"]

1. c4 e6 2. g3 Nf6 3. Bg2 d5 4. Nf3 Nbd7 5. O-O Be7 6. d4 c5 7. cxd5 exd5 8. Nc3
O-O 9. b3 Nb6 10. dxc5 Bxc5 11. Bb2 Be6 12. Rc1 Rc8 13. e3 Ng4 14. Qe2 Re8 15. h3
Nxe3 16. fxe3 Bxh3 17. Nd1 Bg4 18. Qd3 Bd6 19. Qd4 f6 20. Qxg4 Rxc1 21. Bxc1 Qc7
22. Bb2 Re4 23. Qf5 Bxg3 24. Ng5 Rh4 25. Qe6+ Kf8 26. Ba3+  1-0

[Event "British Chess Championships 2023: PM Tournament U2050"]
[Site "The Venue, De Montfort University, 20 Western Boulevard, Leicester, LE2 7BU"]
[Date "2023.07.29"]
[Round "6"]
[Board "5"]
[White "Connor, Matthew J"]
[Black "Tomy, Jeff"]
[Result "1-0"]
[WhiteElo "1805"]
[BlackElo "1791"]
[PlyCount "55"]
[EventDate "2023.07.24"]
[EventRounds "6"]
[EventCountry "ENG"]

1. e4 c5 2. Nc3 Nc6 3. Bb5 Nd4 4. Nf3 g6 5. Nxd4 cxd4 6. Ne2 Bg7 7. O-O a6 8. Ba4
b5 9. Bb3 Bb7 10. d3 d5 11. Ng3 dxe4 12. dxe4 e6 13. a4 Ne7 14. Qe2 Qb6 15. axb5
axb5 16. Rxa8+ Bxa8 17. Bd2 Nc6 18. Ra1 O-O 19. Kh1 Bb7 20. f4 Ra8 21. Rxa8+ Bxa8
22. f5 exf5 23. exf5 Qb8 24. Bxf7+ Kxf7 25. Qe6+ Kf8 26. f6 Qb7 27. fxg7+ Kxg7 28.
Nf5+  1-0

[Event "British Chess Championships 2023: PM Tournament U2050"]
[Site "The Venue, De Montfort University, 20 Western Boulevard, Leicester, LE2 7BU"]
[Date "2023.07.29"]
[Round "6"]
[Board "6"]
[White "Fernando, Manel"]
[Black "O'gorman, Brendan"]
[Result "1/2-1/2"]
[WhiteElo "1627"]
[BlackElo "1779"]
[PlyCount "51"]
[EventDate "2023.07.24"]
[EventRounds "6"]
[EventCountry "ENG"]

1. d4 d5 2. Bf4 e6 3. Nf3 Nf6 4. e3 Bd6 5. Nbd2 O-O 6. Bd3 c5 7. Bg3 Qc7 8. c3 Nbd7
9. O-O Bxg3 10. hxg3 e5 11. dxe5 Nxe5 12. Be2 Bg4 13. Rc1 Rad8 14. Qc2 a6 15. Rfe1
Rfe8 16. Nf1 Nxf3+ 17. Bxf3 Bxf3 18. gxf3 Nd7 19. Nh2 h5 20. Rcd1 Nf6 21. e4 dxe4
22. Rxd8 Qxd8 23. fxe4 Qd7 24. Kg2 Qc6 25. f3 c4 26. Qd2  1/2-1/2

[Event "British Chess Championships 2023: PM Tournament U2050"]
[Site "The Venue, De Montfort University, 20 Western Boulevard, Leicester, LE2 7BU"]
[Date "2023.07.29"]
[Round "6"]
[Board "7"]
[White "O'hanlon, Pat"]
[Black "Mckenna, Joshua"]
[Result "1/2-1/2"]
[WhiteElo "1676"]
[BlackElo "1600"]
[PlyCount "39"]
[EventDate "2023.07.24"]
[EventRounds "6"]
[EventCountry "ENG"]

1. d4 d5 2. Nf3 Nf6 3. Bf4 e6 4. e3 Bd6 5. Ne5 O-O 6. Nd2 c5 7. c3 Qc7 8. Bd3 Nc6
9. Ndf3 b6 10. h4 Ne4 11. h5 f6 12. Nxc6 Bxf4 13. exf4 Qxc6 14. Qc2 a5 15. Nd2 f5
16. f3 Nxd2 17. Qxd2 h6 18. Qe3 c4 19. Bc2 Qd6 20. Qe5  1/2-1/2

[Event "British Chess Championships 2023: PM Tournament U2050"]
[Site "The Venue, De Montfort University, 20 Western Boulevard, Leicester, LE2 7BU"]
[Date "2023.07.29"]
[Round "6"]
[Board "8"]
[White "Gartside, Carl"]
[Black "Rao, Shree"]
[Result "1-0"]
[WhiteElo "1895"]
[BlackElo "1599"]
[PlyCount "57"]
[EventDate "2023.07.24"]
[EventRounds "6"]
[EventCountry "ENG"]

1. d4 Nf6 2. Nf3 g6 3. Nc3 d5 4. Bf4 Bg7 5. e3 Bf5 6. h3 O-O 7. g4 Bd7 8. Qd2 Nc6
9. O-O-O a5 10. Kb1 Na7 11. Bd3 a4 12. Ne5 e6 13. f3 b5 14. h4 b4 15. Ne2 Rb8 16.
Nc1 Rb6 17. h5 Qe7 18. hxg6 fxg6 19. Qh2 Bh8 20. Bxg6 Be8 21. Bh6 Bg7 22. Bxe8 Rxe8
23. Bxg7 Qxg7 24. g5 Nd7 25. Nxd7 Qxd7 26. g6 Re7 27. gxh7+ Rxh7 28. Rdg1+ Rg7 29.
Qh8+  1-0

[Event "British Chess Championships 2023: PM Tournament U2050"]
[Site "The Venue, De Montfort University, 20 Western Boulevard, Leicester, LE2 7BU"]
[Date "2023.07.29"]
[Round "6"]
[Board "9"]
[White "Bingham, James T"]
[Black "Livesey, R Nigel"]
[Result "1/2-1/2"]
[WhiteElo "1860"]
[BlackElo "1811"]
[PlyCount "51"]
[EventDate "2023.07.24"]
[EventRounds "6"]
[EventCountry "ENG"]

1. d4 Nf6 2. g3 c5 3. Nf3 g6 4. Bg2 Bg7 5. Nc3 cxd4 6. Nxd4 O-O 7. e4 Nc6 8. Be3
a6 9. Nb3 d6 10. Qd2 Ng4 11. Bg5 Nge5 12. O-O Nc4 13. Qe2 Nxb2 14. Bd2 Ne5 15. Rfb1
Nbc4 16. Bc1 Nb6 17. Nd4 Nec4 18. Qd3 Qc7 19. Nce2 Bg4 20. c3 Bxe2 21. Nxe2 Qc5 22.
Nd4 Ne5 23. Qc2 Rac8 24. Rb3 Nec4 25. Qd3 Rc7 26. a4  1/2-1/2

[Event "British Chess Championships 2023: PM Tournament U2050"]
[Site "The Venue, De Montfort University, 20 Western Boulevard, Leicester, LE2 7BU"]
[Date "2023.07.29"]
[Round "6"]
[Board "10"]
[White "Coward, Neil"]
[Black "Hollyman, Mike"]
[Result "1-0"]
[WhiteElo "1800"]
[BlackElo "1555"]
[PlyCount "63"]
[EventDate "2023.07.24"]
[EventRounds "6"]
[EventCountry "ENG"]

1. e4 c6 2. d4 d5 3. e5 Bf5 4. f4 e6 5. Nf3 Bb4+ 6. c3 Be7 7. Bd3 Bxd3 8. Qxd3 Nd7
9. f5 exf5 10. Qxf5 g6 11. Qf4 f5 12. exf6 Ngxf6 13. Qh6 Ne4 14. O-O Ndf6 15. Ne5
Bf8 16. Qh3 c5 17. Nxg6 Rg8 18. Nxf8 Kxf8 19. Bh6+ Ke7 20. Na3 Qb6 21. b3 cxd4 22.
cxd4 Rxg2+ 23. Kxg2 Rg8+ 24. Kh1 Qxd4 25. Be3 Nf2+ 26. Rxf2 Qxa1+ 27. Rf1 Qxa2 28.
Bc5+ Kf7 29. Qf3 Qb2 30. Qxd5+ Kg6 31. Rg1+ Kh6 32. Be3+  1-0